zpět

Detail výsledku týmu

Bar U Souseda, Plzeň

Datum a čas kvízu

30.5 Celkem bodů Celkový počet nahraných bodů na tomto kvízu bez doplňovacích otázek.
8. Pořadí na kvízu Konečné umístění týmu na tomto kvízu.

Zaznamenané odpovědi

# Otázka Odpověď Body Výsledky
1. V neděli byla oficiálně otevře... západní okruh 1
2. Ve středu zprostil soud bývalé... Silvio Berlusconi 1
3. Minulý týden měl premiéru v ki... D) různé formy polyamorie a otevřených vztahů 0
4. Minulý týden jsme se dozvěděli... Eiffel Optic 1
5. Jeden český vrcholový sportove... Jakub Jankto 1
6. V tomto tématu se budeme věnov... B 0
7. Další bod získáte, když správn... pizzou 1
8. Dát si kousek čokoládového dor... Matilda 1
9. Věříme, že animák Ratatouille... C 1
10. Vzpomenete si na název filmu,... Adéla ještě nevečeřela, talián 1